000 00338nam a22001457a 4500
008 210304b ||||| |||| 00| 0 eng d
020 _a9780558420390
041 _aeng
080 _22nd
_a33
082 _a33
100 _a58
101 _aBIZ
245 _aStrategies Build on your best for Career Success
_cPearson
942 _2udc
_cBK
999 _c55754
_d55754